[Event "Vojvodina-chT 21st"]
[Site "Backa Palanka"]
[Date "2021.10.23"]
[Round "1.5"]
[White "Gabric, Goran"]
[Black "Levnajic, Pavle"]
[Result "1-0"]
[WhiteElo "2196"]
[BlackElo "2195"]
[PlyCount "125"]
[EventDate "2021.10.23"]
[EventType "team-tourn"]
[EventRounds "11"]
[EventCountry "SRB"]
[SourceTitle "CBM 204 Extra"]
[Source "ChessBase"]
[SourceDate "2021.11.30"]
[SourceVersion "1"]
[SourceVersionDate "2021.11.30"]
[SourceQuality "1"]
[WhiteTeam "Backa Pacir"]
[BlackTeam "Krajisnik Krajina"]
[WhiteTeamCountry "SRB"]
[BlackTeamCountry "SRB"]

1. e4 d6 2. d4 Nf6 3. Nc3 a6 4. Bg5 Nbd7 5. Nf3 b5 6. e5 b4 7. exf6 exf6 8. Nd5 fxg5 9. Nxb4 Bb7 10. d5 Be7 11. Nd4 Ne5 12. Be2 0-0 13. 0-0 a5 14. Nbc6 Bxc6 15. Nxc6 Nxc6 16. dxc6 Bf6 17. c3 Qb8 18. Qd2 Qb6 19. Bf3 Rab8 20. Rab1 Qc5 21. Rfc1 g4 22. Bd5 Rb5 23. c4 Rb4 24. Rc2 Rfb8 25. Qe2 Be5 26. a3 Rb3 27. Qxg4 Rd3 28. Bxf7+ Kh8 29. Qd7 d5 30. Bxd5 Qd4 31. Be6 Bd6 32. Bg4 Rf8 33. Rf1 Qe5 34. g3 Rd4 35. Re2 Qg5 36. Bh3 Rxc4 37. Bg2 Rc1 38. Re8 Rxf1+ 39. Bxf1 Qf6 40. Rxf8+ Qxf8 41. Bh3 Bc5 42. Qf5 Qxf5 43. Bxf5 Bd4 44. b4 axb4 45. axb4 Bc3 46. b5 Bd4 47. Kg2 g6 48. Bd3 Kg7 49. f4 Kf6 50. Kf3 h6 51. Ke4 Bg1 52. h4 Bf2 53. g4 Bb6 54. Kd5 Be3 55. Ke4 Bb6 56. Bc4 Ba5 57. Kf3 Bb6 58. Bd3 Ba5 59. Ke4 Bb6 60. g5+ hxg5 61. hxg5+ Ke6 62. Bc4+ Ke7 63. f5 1-0

[Event "Vojvodina-chT 2nd League"]
[Site "Backa Palanka"]
[Date "2020.10.18"]
[Round "4.4"]
[White "Krejic, Igor"]
[Black "Gabric, Goran"]
[Result "1/2-1/2"]
[WhiteElo "2209"]
[BlackElo "2206"]
[PlyCount "73"]
[EventDate "2020.10.16"]
[EventType "team-tourn"]
[EventRounds "11"]
[EventCountry "SRB"]
[SourceTitle "EXT 2022"]
[Source "ChessBase"]
[SourceDate "2021.10.06"]
[SourceVersion "1"]
[SourceVersionDate "2021.10.06"]
[SourceQuality "1"]
[WhiteTeam "Mladenovo"]
[BlackTeam "Backa Pacir"]
[WhiteTeamCountry "SRB"]
[BlackTeamCountry "SRB"]

1. e4 d6 2. Nf3 Nf6 3. c3 g6 4. Qc2 Bg7 5. d4 0-0 6. Be2 c6 7. 0-0 Nbd7 8. Bg5 e5 9. dxe5 dxe5 10. Rd1 Qc7 11. a4 Nc5 12. Nbd2 Ne6 13. Bh4 Nf4 14. Bc4 Bg4 15. h3 Be6 16. Bxe6 Nxe6 17. Nc4 Nh5 18. Rd2 h6 19. Rad1 g5 20. Rd7 Qc8 21. Bg3 Nxg3 22. fxg3 Nd4 23. R7xd4 exd4 24. cxd4 Qc7 25. e5 Rad8 26. Kh2 Rfe8 27. Qb3 b6 28. Ne3 c5 29. Nd5 Qc6 30. Nc3 cxd4 31. Nxd4 Qg6 32. Nd5 Bxe5 33. Nb5 Qe6 34. Qf3 Rd7 35. Nf6+ Bxf6 36. Rxd7 Qxd7 37. Qxf6 1/2-1/2

[Event "Subotica-ch op"]
[Site "Subotica"]
[Date "2020.03.06"]
[Round "6"]
[White "Gabric, Goran"]
[Black "Mojzes, Aleksandar"]
[Result "1-0"]
[WhiteElo "2211"]
[BlackElo "2002"]
[PlyCount "45"]
[EventDate "2020.02.24"]
[EventType "swiss"]
[EventRounds "9"]
[EventCountry "SRB"]
[SourceTitle "CBM 195 Extra"]
[Source "ChessBase"]
[SourceDate "2020.05.31"]
[SourceVersion "1"]
[SourceVersionDate "2020.05.31"]
[SourceQuality "1"]

1. e4 g6 2. d4 Nf6 3. Nc3 d5 4. e5 Ne4 5. Nxe4 dxe4 6. f3 c5 7. d5 e6 8. Bc4 e3 9. f4 Qa5+ 10. c3 b5 11. dxe6 bxc4 12. exf7+ Kxf7 13. Qd5+ Be6 14. Qxa8 Be7 15. Nf3 Rd8 16. Qe4 Rd3 17. Ng5+ Bxg5 18. fxg5 Qd8 19. 0-0+ Bf5 20. Bxe3 Kg7 21. Qf4 Nc6 22. Bxc5 Qd5 23. Be3 1-0

[Event "Vojvodina-chT"]
[Site "Novi Sad"]
[Date "2017.11.15"]
[Round "3.6"]
[White "Novak, Tamas"]
[Black "Gabric, Goran"]
[Result "1/2-1/2"]
[WhiteElo "1977"]
[BlackElo "2252"]
[PlyCount "83"]
[EventDate "2017.11.13"]
[EventType "team-tourn"]
[EventRounds "11"]
[EventCountry "SRB"]
[SourceTitle "CBM 181 Extra"]
[Source "ChessBase"]
[SourceDate "2017.12.12"]
[SourceVersion "1"]
[SourceVersionDate "2017.12.12"]
[SourceQuality "1"]
[WhiteTeam "Senta"]
[BlackTeam "Subotica Spartak"]
[WhiteTeamCountry "SRB"]
[BlackTeamCountry "SRB"]

1. e4 e5 2. Nf3 Nc6 3. Bb5 a6 4. Ba4 Nf6 5. Qe2 b5 6. Bb3 Bc5 7. c3 0-0 8. 0-0 d5 9. d3 d4 10. h3 h6 11. Re1 Re8 12. Nbd2 Be6 13. Nf1 Bf8 14. Ng3 g6 15. Qc2 Bxb3 16. axb3 Re6 17. Ne2 Nxe4 18. dxe4 d3 19. Qd1 dxe2 20. Qxe2 Bg7 21. Be3 f5 22. exf5 gxf5 23. Rad1 Qe7 24. b4 Re8 25. Bc5 Qf7 26. Qc2 Rd8 27. Qe2 Rde8 28. Qd2 e4 29. Nd4 Nxd4 30. Bxd4 f4 31. Bxg7 Kxg7 32. Qd5 Qg6 33. Kh2 Re5 34. Qd7+ R8e7 35. Qd8 Qe6 36. Rd4 Qf6 37. Rd7 Rxd7 38. Qxd7+ Re7 39. Qg4+ Qg5 40. f3 Qxg4 41. hxg4 Kf6 42. fxe4 1/2-1/2

[Event "Subotica-ch op"]
[Site "Subotica"]
[Date "2017.03.03"]
[Round "5"]
[White "Gabric, Goran"]
[Black "Meszaros, Bela"]
[Result "1/2-1/2"]
[WhiteElo "2228"]
[BlackElo "2203"]
[PlyCount "60"]
[EventDate "2017.02.22"]
[EventType "swiss"]
[EventRounds "9"]
[EventCountry "SRB"]
[SourceTitle "CBM 177 Extra"]
[Source "ChessBase"]
[SourceDate "2017.04.27"]
[SourceVersion "1"]
[SourceVersionDate "2017.04.27"]
[SourceQuality "1"]

1. e4 c5 2. Nc3 Nc6 3. d3 g6 4. Be3 d6 5. g3 Rb8 6. Nge2 b5 7. Qd2 Bg7 8. Bg2 Nd4 9. 0-0 e6 10. Nd1 Nxe2+ 11. Qxe2 Ne7 12. Qd2 0-0 13. Bh6 Qc7 14. Bxg7 Kxg7 15. Ne3 b4 16. h4 h5 17. d4 cxd4 18. Qxd4+ e5 19. Qd2 Be6 20. Rad1 Rb6 21. f4 exf4 22. gxf4 f5 23. Qd4+ Kh7 24. Rf2 Rf7 25. Bh3 Qc8 26. exf5 Bxf5 27. Bg2 Be6 28. Be4 Bf5 29. Bg2 Be6 30. Be4 Bf5 1/2-1/2

[Event "Palic Karadzic Memorial op"]
[Site "Palic"]
[Date "2016.11.03"]
[Round "8"]
[White "Konstantinov, Aleksandar1111"]
[Black "Gabric, Goran"]
[Result "1-0"]
[WhiteElo "2264"]
[BlackElo "2214"]
[PlyCount "85"]
[EventDate "2016.10.29"]
[EventType "swiss"]
[EventRounds "9"]
[EventCountry "SRB"]
[SourceTitle "CBM 175 Extra"]
[Source "ChessBase"]
[SourceDate "2016.12.12"]
[SourceVersion "1"]
[SourceVersionDate "2016.12.12"]
[SourceQuality "1"]

1. d4 d5 2. c4 e6 3. Nc3 Be7 4. cxd5 exd5 5. Bf4 c6 6. e3 Bf5 7. g4 Bg6 8. h4 h6 9. h5 Bh7 10. Bd3 Nf6 11. f3 Bd6 12. Nge2 Qe7 13. Bxh7 Nxh7 14. Qd3 Ng5 15. Bxd6 Qxd6 16. f4 Ne6 17. Ng3 Nd7 18. Nf5 Qb4 19. 0-0-0 Nb6 20. a3 Qf8 21. Nb1 Nc4 22. Nd2 Nd6 23. Nxd6+ Qxd6 24. Nf3 0-0-0 25. Ne5 Rhf8 26. Qf5 Kb8 27. Nxf7 Qc7 28. Nxd8 Rxf5 29. Nxe6 Qf7 30. gxf5 Qxf5 31. Nxg7 Qe4 32. Rde1 b5 33. f5 b4 34. axb4 Qd3 35. Rh2 Qc4+ 36. Rc2 Qxb4 37. Rf1 Qb5 38. Rd1 Kc7 39. f6 Kd7 40. f7 Qb4 41. Rf1 Qf8 42. Rf6 Ke7 43. Ne6 1-0

[Event "Palic Karadzic Memorial op"]
[Site "Palic"]
[Date "2016.11.02"]
[Round "7"]
[White "Gabric, Goran"]
[Black "Faizrakhmanov, Ramil"]
[Result "0-1"]
[WhiteElo "2214"]
[BlackElo "2422"]
[PlyCount "146"]
[EventDate "2016.10.29"]
[EventType "swiss"]
[EventRounds "9"]
[EventCountry "SRB"]
[SourceTitle "CBM 175 Extra"]
[Source "ChessBase"]
[SourceDate "2016.12.12"]
[SourceVersion "1"]
[SourceVersionDate "2016.12.12"]
[SourceQuality "1"]

1. e4 e5 2. Nf3 Nc6 3. Bb5 Nf6 4. 0-0 Nxe4 5. d4 Nd6 6. Bxc6 dxc6 7. dxe5 Nf5 8. Qxd8+ Kxd8 9. Nc3 Bd7 10. Ne4 h6 11. c4 b6 12. Bd2 Be6 13. b3 Kc8 14. h3 c5 15. Bc3 g5 16. Rad1 Bg7 17. g4 Ne7 18. Nfxg5 hxg5 19. Nxg5 Kb7 20. f4 Rag8 21. f5 Bxf5 22. gxf5 Bh6 23. e6 Rh7 24. f6 Bxg5 25. exf7 Rxf7 26. fxe7 Bxe7+ 27. Kh1 Rxf1+ 28. Rxf1 Rg3 29. Be5 Rxh3+ 30. Kg2 Re3 31. Bf4 Re6 32. Kf3 Bd6 33. Be3 Be5 34. Rd1 Kc6 35. Rh1 Re8 36. Rh6+ Kb7 37. Rh4 Bf6 38. Rh5 Bd4 39. Bd2 a6 40. Rh2 b5 41. Re2 Rh8 42. Bf4 Rh7 43. Re6 b4 44. Bg3 a5 45. Re2 c6 46. Re8 Rh1 47. Re1 Rh8 48. Re6 Bc3 49. Re7+ Ka6 50. Bd6 Bd4 51. Bg3 Rh6 52. Re8 Bc3 53. Rc8 Re6 54. Ra8+ Kb6 55. Rb8+ Ka7 56. Rg8 Bd4 57. Bf4 Re1 58. Rg2 Kb6 59. Re2 Rf1+ 60. Ke4 a4 61. bxa4 Ka5 62. Rh2 Kxa4 63. Rh7 Ka3 64. Ra7+ Kb2 65. Bd6 Kc3 66. Ra6 Re1+ 67. Kf3 Kxc4 68. Rxc6 Kd5 69. Rb6 Re6 70. Bc7 Rxb6 71. Bxb6 c4 72. Ba5 b3 73. axb3 cxb3 0-1

[Event "Palic Karadzic Memorial op"]
[Site "Palic"]
[Date "2016.11.02"]
[Round "6"]
[White "Tancik, Kristijan"]
[Black "Gabric, Goran"]
[Result "0-1"]
[WhiteElo "2289"]
[BlackElo "2214"]
[PlyCount "72"]
[EventDate "2016.10.29"]
[EventType "swiss"]
[EventRounds "9"]
[EventCountry "SRB"]
[SourceTitle "CBM 175 Extra"]
[Source "ChessBase"]
[SourceDate "2016.12.12"]
[SourceVersion "1"]
[SourceVersionDate "2016.12.12"]
[SourceQuality "1"]

1. d4 d5 2. c4 e5 3. dxe5 d4 4. Nf3 Nc6 5. g3 Nge7 6. Bg2 Ng6 7. 0-0 Ngxe5 8. Nxe5 Nxe5 9. Qb3 c6 10. e3 Bc5 11. exd4 Bxd4 12. Be3 Bxe3 13. Qxe3 Qe7 14. Re1 Ng6 15. Qc3 Be6 16. Qxg7 0-0-0 17. Qc3 Qc5 18. Na3 a5 19. Bf1 h5 20. Qe3 Qf5 21. c5 h4 22. Nc4 hxg3 23. fxg3 Nh4 24. Nb6+ Kb8 25. Be2 Rdg8 26. Rf1 Qh3 27. Rf2 Nf5 28. Qf4+ Ka7 29. Bf1 Qh5 30. Rg2 Nxg3 31. hxg3 Qxc5+ 32. Qf2 Qxb6 33. Qxb6+ Kxb6 34. Kf2 Bd5 35. Rg1 Rh2+ 36. Bg2 f5 0-1

[Event "Palic Karadzic Memorial op"]
[Site "Palic"]
[Date "2016.10.31"]
[Round "4"]
[White "Tosic, Miroslav"]
[Black "Gabric, Goran"]
[Result "1/2-1/2"]
[WhiteElo "2389"]
[BlackElo "2214"]
[PlyCount "114"]
[EventDate "2016.10.29"]
[EventType "swiss"]
[EventRounds "9"]
[EventCountry "SRB"]
[SourceTitle "CBM 175 Extra"]
[Source "ChessBase"]
[SourceDate "2016.12.12"]
[SourceVersion "1"]
[SourceVersionDate "2016.12.12"]
[SourceQuality "1"]

1. d4 Nf6 2. c4 e6 3. g3 d5 4. Bg2 Be7 5. Nf3 0-0 6. 0-0 Nbd7 7. Qc2 c5 8. dxc5 Nxc5 9. Rd1 Nce4 10. Nc3 Nxc3 11. bxc3 Qc7 12. cxd5 Nxd5 13. Bd2 Bd7 14. e4 Nf6 15. Bf4 Qa5 16. a4 Rac8 17. c4 Rfd8 18. e5 Nd5 19. Bg5 Nb4 20. Qb1 Qc5 21. a5 Bc6 22. Bxe7 Qxe7 23. Qb3 Qc5 24. Ne1 h6 25. Rxd8+ Rxd8 26. Rb1 Bxg2 27. Kxg2 Rd2 28. Qf3 h5 29. Rb3 Qxc4 30. Rc3 Qd5 31. Rc7 Nd3 32. Nxd3 Rxd3 33. Qxd5 Rxd5 34. a6 bxa6 35. Rxa7 a5 36. f4 Rd2+ 37. Kf3 Ra2 38. h3 Ra3+ 39. Kg2 a4 40. Kf2 Ra1 41. Kf3 a3 42. Kg2 a2 43. Kh2 Kh7 44. Kg2 Kg6 45. g4 h4 46. f5+ Kh6 47. fxe6 fxe6 48. Kh2 Kg5 49. Ra4 g6 50. Kg2 Re1 51. Rxa2 Rxe5 52. Kf3 Rb5 53. Ra3 Rc5 54. Rb3 Kf6 55. Ra3 g5 56. Ke4 Rc4+ 57. Ke3 Rf4 1/2-1/2

[Event "Subotica-ch op"]
[Site "Subotica"]
[Date "2016.03.11"]
[Round "9"]
[White "Pajzer, Istvan"]
[Black "Gabric, Goran"]
[Result "0-1"]
[WhiteElo "2056"]
[BlackElo "2151"]
[PlyCount "74"]
[EventDate "2016.02.22"]
[EventType "swiss"]
[EventRounds "9"]
[EventCountry "SRB"]
[SourceTitle "CBM 171 Extra"]
[Source "ChessBase"]
[SourceDate "2016.04.26"]
[SourceVersion "1"]
[SourceVersionDate "2016.04.26"]
[SourceQuality "1"]

1. d4 d5 2. c4 e6 3. Nf3 Nf6 4. Bg5 Be7 5. e3 0-0 6. Nc3 Nbd7 7. Rc1 c6 8. cxd5 exd5 9. Bd3 h6 10. Bxf6 Nxf6 11. Ne5 Be6 12. 0-0 c5 13. Bb1 cxd4 14. exd4 Qa5 15. Re1 Rfc8 16. Ng6 Bb4 17. Rxe6 fxe6 18. Qe2 Qb6 19. a3 Bf8 20. Re1 Rc4 21. Qe3 Rxd4 22. Ne5 Bc5 23. Qg3 Bd6 24. Qh3 Bxe5 25. Rxe5 Re8 26. Re2 Ne4 27. Bxe4 dxe4 28. g3 Qc6 29. Qg4 Red8 30. h4 Rd1+ 31. Nxd1 Rxd1+ 32. Kh2 e3 33. f3 Rd2 34. Rg2 Qc2 35. Qxe6+ Kh7 36. Qe4+ Qxe4 37. fxe4 e2 0-1

[Event "Subotica-ch op"]
[Site "Subotica"]
[Date "2016.02.22"]
[Round "1"]
[White "Kovacs, Istvan A"]
[Black "Gabric, Goran"]
[Result "0-1"]
[WhiteElo "1849"]
[BlackElo "2151"]
[PlyCount "72"]
[EventDate "2016.02.22"]
[EventType "swiss"]
[EventRounds "9"]
[EventCountry "SRB"]
[SourceTitle "CBM 171 Extra"]
[Source "ChessBase"]
[SourceDate "2016.04.26"]
[SourceVersion "1"]
[SourceVersionDate "2016.04.26"]
[SourceQuality "1"]

1. d4 d5 2. Bf4 Nf6 3. e3 Bf5 4. Bd3 Bxd3 5. Qxd3 Nbd7 6. Nf3 e6 7. Nbd2 Bd6 8. Bg3 0-0 9. 0-0 Bxg3 10. hxg3 c5 11. c3 Qc7 12. Rfe1 Rad8 13. Qb1 Rfe8 14. b4 c4 15. a4 e5 16. dxe5 Nxe5 17. Nxe5 Qxe5 18. Qc2 Ne4 19. Nxe4 dxe4 20. Rad1 Rd3 21. f3 Qxg3 22. Qf2 Qe5 23. Rxd3 cxd3 24. Qd2 exf3 25. Qxd3 Qg3 26. Qf1 fxg2 27. Qf2 Qxf2+ 28. Kxf2 f5 29. Rd1 Kf7 30. Rd3 Ke7 31. Kxg2 Rd8 32. Rd4 Rxd4 33. cxd4 Kd6 34. Kf3 g5 35. e4 fxe4+ 36. Kxe4 g4 0-1

[Event "Senta op 19th"]
[Site "Senta"]
[Date "2015.07.18"]
[Round "9"]
[White "Gabric, Goran"]
[Black "Arsovic, Zoran"]
[Result "0-1"]
[WhiteElo "2164"]
[BlackElo "2418"]
[PlyCount "88"]
[EventDate "2015.07.11"]
[EventType "swiss"]
[EventRounds "9"]
[EventCountry "SRB"]
[SourceTitle "EXT 2016"]
[Source "ChessBase"]
[SourceDate "2015.10.08"]
[SourceVersion "1"]
[SourceVersionDate "2015.10.08"]
[SourceQuality "1"]

1. e4 c5 2. Nc3 Nc6 3. Nge2 d6 4. g3 g6 5. Bg2 Bg7 6. 0-0 e6 7. d3 Nge7 8. Be3 Nd4 9. Qd2 0-0 10. Nd1 Nxe2+ 11. Qxe2 b6 12. Qd2 d5 13. Bh6 dxe4 14. Bxg7 Kxg7 15. Nc3 Bb7 16. Rad1 e3 17. Qxe3 Bxg2 18. Kxg2 Nf5 19. Qe5+ Kg8 20. Rd2 Rc8 21. h4 Qd4 22. Qe4 Rfd8 23. h5 Qxe4+ 24. Nxe4 Kg7 25. g4 Nd6 26. Ng3 Nc4 27. Re2 Nxb2 28. g5 c4 29. h6+ Kh8 30. dxc4 Nxc4 31. Ne4 Rd5 32. Ree1 Rcd8 33. f4 Nd2 34. Nf6 Nxf1 35. Nxd5 Rxd5 36. Kxf1 Kg8 37. Re3 Kf8 38. Ke2 Ke7 39. Rc3 Rc5 40. Ra3 Rxc2+ 41. Kd3 Rc7 42. Ke4 f5+ 43. Kd4 Rd7+ 44. Kc4 e5 0-1

[Event "Senta op 19th"]
[Site "Senta"]
[Date "2015.07.15"]
[Round "6"]
[White "Marjanovics, Gyorgy"]
[Black "Gabric, Goran"]
[Result "1-0"]
[WhiteElo "1939"]
[BlackElo "2164"]
[PlyCount "79"]
[EventDate "2015.07.11"]
[EventType "swiss"]
[EventRounds "9"]
[EventCountry "SRB"]
[SourceTitle "EXT 2016"]
[Source "ChessBase"]
[SourceDate "2015.10.08"]
[SourceVersion "1"]
[SourceVersionDate "2015.10.08"]
[SourceQuality "1"]

1. e4 e5 2. Nf3 Nc6 3. Bb5 Nf6 4. 0-0 Bc5 5. Nxe5 Nxe5 6. d4 Qe7 7. dxc5 Qxc5 8. Qe2 0-0 9. Nc3 a6 10. Ba4 b5 11. Bb3 Bb7 12. Be3 Qe7 13. Bg5 Neg4 14. Qxg4 Qxe4 15. Qxe4 Nxe4 16. Nxe4 Bxe4 17. Rfe1 Bb7 18. f3 Rfe8 19. Kf2 h6 20. Bf4 c5 21. c3 c4 22. Bc2 Re6 23. Rxe6 fxe6 24. Rd1 d5 25. Bg6 a5 26. Re1 Ra6 27. Be5 b4 28. a3 bxa3 29. bxa3 Rb6 30. Rb1 Rb3 31. Ke3 Ba6 32. Kd4 Kf8 33. Bd6+ Kg8 34. Kc5 a4 35. Kc6 Bb5+ 36. Kc5 Ba6 37. Kd4 Bb5 38. Bc2 Rxb1 39. Bxb1 Kf7 40. Be5 1-0

[Event "Senta op 19th"]
[Site "Senta"]
[Date "2015.07.12"]
[Round "3"]
[White "Gabric, Goran"]
[Black "Bal, Enes Emre"]
[Result "1-0"]
[WhiteElo "2164"]
[BlackElo "1886"]
[PlyCount "47"]
[EventDate "2015.07.11"]
[EventType "swiss"]
[EventRounds "9"]
[EventCountry "SRB"]
[SourceTitle "EXT 2016"]
[Source "ChessBase"]
[SourceDate "2015.10.08"]
[SourceVersion "1"]
[SourceVersionDate "2015.10.08"]
[SourceQuality "1"]

1. e4 c5 2. Nf3 g6 3. d4 cxd4 4. Nxd4 Bg7 5. c4 Nc6 6. Be3 Nf6 7. Nc3 Ng4 8. Qxg4 Nxd4 9. Qd1 Ne6 10. Be2 Qa5 11. 0-0 Bxc3 12. bxc3 Qxc3 13. Rc1 Qa5 14. f4 d6 15. f5 Nc5 16. fxg6 hxg6 17. e5 Ne6 18. c5 dxc5 19. Qd5 Qc7 20. Bb5+ Bd7 21. Rxc5 Bc6 22. Rxc6 bxc6 23. Bxc6+ Kf8 24. Qxe6 1-0

[Event "Subotica-ch"]
[Site "Subotica"]
[Date "2015.03.04"]
[Round "8"]
[White "Nadj Hedjesi, Balind"]
[Black "Gabric, Goran"]
[Result "1-0"]
[WhiteElo "2413"]
[BlackElo "2161"]
[PlyCount "69"]
[EventDate "2015.02.16"]
[EventType "swiss"]
[EventRounds "9"]
[EventCountry "SRB"]
[SourceTitle "CBM 165 Extra"]
[Source "ChessBase"]
[SourceDate "2015.04.21"]
[SourceVersion "1"]
[SourceVersionDate "2015.04.21"]
[SourceQuality "1"]

1. d4 Nf6 2. c4 e6 3. Nf3 d5 4. g3 Be7 5. Bg2 0-0 6. 0-0 Nbd7 7. Nc3 dxc4 8. e4 c5 9. d5 exd5 10. e5 Ne8 11. Nxd5 Nb8 12. Nxe7+ Qxe7 13. Bg5 Qe6 14. Rc1 h6 15. Be3 Qe7 16. Qd2 Bf5 17. Qa5 Nd7 18. Rfd1 Be4 19. Qd2 Nxe5 20. Nxe5 Bxg2 21. Bf4 Bh3 22. g4 Nf6 23. Qe3 g5 24. Nd7 Qxe3 25. Nxf6+ Kg7 26. Nh5+ Kh8 27. Bxe3 Bxg4 28. Rd6 Be6 29. Bxc5 b6 30. Rxe6 fxe6 31. Bxf8 Rxf8 32. Rxc4 Kh7 33. Rc7+ Kg6 34. Ng3 h5 35. Rxa7 1-0

[Event "Subotica-ch"]
[Site "Subotica"]
[Date "2015.02.25"]
[Round "5"]
[White "Vranic, Ljubomir"]
[Black "Gabric, Goran"]
[Result "0-1"]
[WhiteElo "2199"]
[BlackElo "2161"]
[PlyCount "46"]
[EventDate "2015.02.16"]
[EventType "swiss"]
[EventRounds "9"]
[EventCountry "SRB"]
[SourceTitle "CBM 165 Extra"]
[Source "ChessBase"]
[SourceDate "2015.04.21"]
[SourceVersion "1"]
[SourceVersionDate "2015.04.21"]
[SourceQuality "1"]

1. d4 d5 2. c4 Nc6 3. Nf3 Bg4 4. cxd5 Bxf3 5. dxc6 Bxc6 6. Nc3 Nf6 7. f3 e6 8. e4 Bb4 9. Be2 Qe7 10. 0-0 0-0-0 11. Be3 Rd7 12. Qc2 Ba5 13. a4 Bb6 14. e5 Nd5 15. Bf2 Nf4 16. Bb5 Qg5 17. Bg3 Rxd4 18. Kh1 Nh5 19. Bf2 Rd2 20. Qc1 Be3 21. Qe1 Nf4 22. Rg1 Rxf2 23. Qxe3 Rxg2 0-1

[Event "Vojvodina-chT"]
[Site "Sombor"]
[Date "2009.09.29"]
[Round "4"]
[White "Gabric, Goran"]
[Black "Sevo, Dusan"]
[Result "0-1"]
[WhiteElo "2116"]
[BlackElo "2268"]
[PlyCount "92"]
[EventDate "2009.09.27"]
[EventType "team-swiss"]
[EventRounds "11"]
[EventCountry "YUG"]
[SourceTitle "EXT 2012"]
[Source "ChessBase"]
[SourceDate "2011.11.24"]
[SourceVersion "1"]
[SourceVersionDate "2011.11.24"]
[SourceQuality "1"]

1. e4 e6 2. d4 d5 3. Nc3 Bb4 4. e5 c5 5. a3 Bxc3+ 6. bxc3 Qa5 7. Bd2 Ne7 8. Nf3 Nbc6 9. Bd3 Bd7 10. h4 f6 11. Rb1 c4 12. Be2 0-0-0 13. 0-0 fxe5 14. dxe5 h6 15. h5 g6 16. Re1 Rdg8 17. Nd4 Nd8 18. Bg4 gxh5 19. Bh3 Rg6 20. Qxh5 Rhg8 21. Qh4 R8g7 22. Qf4 Rf7 23. Qh4 a6 24. f4 Qc5 25. Kh1 Nf5 26. Bxf5 exf5 27. Qh5 Rfg7 28. Nxf5 Qf2 29. Re2 Qxe2 30. Nd6+ Rxd6 31. Qxe2 Rdg6 32. Rg1 Bf5 33. Qf3 Rg4 34. Re1 Be4 35. Rxe4 dxe4 36. Qxe4 Nc6 37. Qxc4 Rxg2 38. Qe6+ Kc7 39. Be3 R2g6 40. Qh3 Rg3 41. Qxh6 R3g6 42. Qh3 Rg3 43. Qh8 Ne7 44. Qh6 R3g6 45. Qh3 Nf5 46. Kh2 Rh6 0-1

[Event "Vojvodina-chT"]
[Site "Sombor"]
[Date "2009.09.28"]
[Round "3"]
[White "Subotic, Srbislav"]
[Black "Gabric, Goran"]
[Result "1/2-1/2"]
[WhiteElo "2105"]
[BlackElo "2116"]
[PlyCount "97"]
[EventDate "2009.09.27"]
[EventType "team-swiss"]
[EventRounds "11"]
[EventCountry "YUG"]
[SourceTitle "EXT 2012"]
[Source "ChessBase"]
[SourceDate "2011.11.24"]
[SourceVersion "1"]
[SourceVersionDate "2011.11.24"]
[SourceQuality "1"]

1. e4 e5 2. Nf3 Nc6 3. d4 exd4 4. Nxd4 Bc5 5. Be3 Qf6 6. c3 Nge7 7. Bc4 0-0 8. 0-0 a6 9. Nf5 Nxf5 10. Bxc5 d6 11. Ba3 Nh4 12. f3 Ne5 13. Nd2 Qg5 14. Qe2 Nhg6 15. Kh1 Nf4 16. Qf2 b5 17. Bd5 Nxd5 18. exd5 Nd3 19. Qd4 Qxd2 20. Rad1 Qe2 21. Qxd3 Qxd3 22. Rxd3 Bf5 23. Re3 Rfe8 24. Rfe1 Kf8 25. Rxe8+ Rxe8 26. Rxe8+ Kxe8 27. Bb4 Bb1 28. a3 Ba2 29. Kg1 Bxd5 30. Kf2 Kd7 31. Ke3 Kc6 32. Ba5 Bc4 33. g3 Bd5 34. Kf4 f6 35. Ke3 Kb7 36. f4 f5 37. Kd4 Be4 38. Ke3 Kc6 39. Kd4 Kd7 40. Ke3 g6 41. Bb4 c5 42. Ba5 Kc6 43. Bd8 d5 44. Bf6 Kc7 45. Be7 Kc6 46. Bf6 Kd7 47. Be5 a5 48. Bf6 Kc6 49. Bd8 1/2-1/2